[Event "Let's Play Chess!"]
[Site "http://www.queenalice.com/game.php?id=1099602"]
[Date "2012.9.5"]
[Round "-"]
[White "philler"]
[Black "ricma"]
[Result "1-0"]
[WhiteElo "2071"]
[BlackElo "2150"]

1. e4 e5 2. Nf3 Nc6 3. Bb5 a6 4. Ba4 Nf6 5. O-O Be7 6. Re1 b5 7. Bb3 O-O 8. c3
d5 9. exd5 Nxd5 10. Nxe5 Nxe5 11. Rxe5 c6 12. d4 Bd6 13. Re4 Bf5 14. Re1 Qh4 15.
g3 Qh3 16. Qf3 Rae8 17. Bd2 Rxe1+ 18. Bxe1 Nf6 19. Nd2 Bg4 20. Qg2 Qh5 21. Qxc6
Bf5 22. Qxd6 Ng4 23. Nf1 Be4 24. Qf4 Bd3 25. h4 h6 26. Ne3 Nf6 27. Bd1 1-0

[Event "Challenge"]
[Site "http://www.queenalice.com/game.php?id=1099799"]
[Date "2012.9.5"]
[Round "-"]
[White "ricma"]
[Black "Andrez"]
[Result "1-0"]
[WhiteElo "2145"]
[BlackElo "1912"]

1. e4 e5 2. Nf3 Nc6 3. Bb5 d6 4. d4 exd4 5. Nxd4 Bd7 6. O-O Be7 7. Re1 Nxd4 8.
Bxd7+ Qxd7 9. Qxd4 Nf6 10. Nc3 O-O 11. h3 a6 12. Bf4 h6 13. Rad1 Rae8 14. Re3
Nh5 15. Bh2 Bg5 16. Rf3 Qc6 17. e5 dxe5 18. Bxe5 Bf6 19. Bxf6 Nxf6 20. Qh4 b5
21. Rg3 Kh7 22. Kf1 a5 23. a3 Qa6 24. Kg1 c5 25. b4 axb4 26. axb4 c4 27. Rg5 Qa3
28. Nxb5 Qxb4 29. c3 Qb3 30. Rd4 Qb1+ 31. Kh2 Qe1 32. Nd6 Re2 33. Nf5 Rg8 34.
Rxg7+ Rxg7 35. Qxh6+ Kg8 36. Qxg7# 1-0

[Event "Challenge"]
[Site "http://www.queenalice.com/game.php?id=1099801"]
[Date "2012.9.5"]
[Round "-"]
[White "Andrez"]
[Black "ricma"]
[Result "0-1"]
[WhiteElo "2043"]
[BlackElo "2136"]

1. f4 d5 2. Nf3 Nf6 3. e3 g6 4. b3 Bg7 5. Bb2 O-O 6. Be2 c5 7. O-O Nc6 8. a4 a6
9. Na3 Bg4 10. h3 Bc8 11. Ne5 Qc7 12. c4 d4 13. Bf3 Nxe5 14. fxe5 Qxe5 15. exd4
cxd4 16. Nc2 Qg5 17. Kh1 e5 18. Nb4 e4 19. Be2 d3 20. Bg4 Bxg4 21. hxg4 Qh4+ 22.
Kg1 Nxg4 23. Rf4 Qh2+ 24. Kf1 Qh1# 0-1

[Event "Let's Play Chess!"]
[Site "http://www.queenalice.com/game.php?id=1108017"]
[Date "2012.10.2"]
[Round "-"]
[White "ricma"]
[Black "Nephi_R"]
[Result "1-0"]
[WhiteElo "2169"]
[BlackElo "2115"]

1. f4 d6 2. Nf3 Nf6 3. e3 g6 4. d4 Bg7 5. Bd3 O-O 6. O-O Nc6 7. c3 Bg4 8. Qe1
Bxf3 9. Rxf3 d5 10. Nd2 e6 11. e4 dxe4 12. Nxe4 Ne7 13. Nxf6+ Bxf6 14. Be4 c6
15. Rh3 Nd5 16. Qg3 Bg7 17. Qf2 f5 18. Bd3 b5 19. Qe2 Qf6 20. Bd2 Rae8 21. Bc2
b4 22. Bb3 bxc3 23. bxc3 Qd8 24. Qc4 Qd6 25. Rf3 Rc8 26. Qa6 Qb8 27. Rb1 Qc7 28.
Bxd5 cxd5 29. Rb7 Qc6 30. Qxa7 Bf6 31. Rxh7 Ra8 32. Qd7 Qxd7 33. Rxd7 Rf7 34.
Rxf7 Kxf7 35. Rf1 Rxa2 36. Rd1 Bd8 37. Kf1 Ba5 38. Be1 Rc2 39. Ra1 Bxc3 40. Ra7+
Ke8 41. Rc7 Bxe1 42. Rxc2 Bh4 43. Ke2 Be7 44. h3 g5 45. g3 gxf4 46. gxf4 Bf6 47.
Ke3 Kf7 48. Rg2 Bh4 49. Kd3 Bf6 50. Ke3 Bh4 51. Rg5 Bxg5 52. fxg5 1-0

[Event "Let's Play Chess!"]
[Site "http://www.queenalice.com/game.php?id=1108018"]
[Date "2012.10.2"]
[Round "-"]
[White "Nephi_R"]
[Black "ricma"]
[Result "1-0"]
[WhiteElo "2073"]
[BlackElo "2184"]

1. d4 f5 2. c4 Nf6 3. Nf3 g6 4. g3 Bg7 5. Bg2 O-O 6. Qc2 d6 7. Nc3 Qe8 8. O-O e5
9. Bg5 c6 10. Bxf6 Bxf6 11. dxe5 dxe5 12. e4 Na6 13. Rfd1 Nc5 14. Rac1 f4 15. b4
Na6 16. a3 Be6 17. c5 Qf7 18. Rd6 Rad8 19. gxf4 Rxd6 20. cxd6 exf4 21. e5 Bd8
22. Ne2 g5 23. Nfd4 Bg4 24. f3 Bh5 25. e6 Qg7 26. e7 Bxe7 27. dxe7 Qxe7 28. h3
Bg6 29. Qc4+ Bf7 30. Qc3 Bg6 31. Re1 Re8 32. Kf2 Nc7 33. Nc1 Qf6 34. Rxe8+ Bxe8
35. Bf1 Bf7 36. Ncb3 Bxb3 37. Qxb3+ Kg7 38. Qd3 Kf8 39. Qf5 1-0

[Event "Game 1"]
[Site "http://www.queenalice.com/game.php?id=1118474"]
[Date "2012.11.3"]
[Round "-"]
[White "ricma"]
[Black "bobifixer"]
[Result "1-0"]
[WhiteElo "2186"]
[BlackElo "1990"]

1. e4 c6 2. d4 d5 3. Nc3 dxe4 4. Nxe4 Bf5 5. Ng3 Bg6 6. Nf3 e6 7. h4 h6 8. h5
Bh7 9. Bd3 Bxd3 10. Qxd3 Nf6 11. Bd2 Bd6 12. Ne4 Nxe4 13. Qxe4 O-O 14. O-O-O Na6
15. a3 Nc7 16. Ne5 Nd5 17. g4 Qc7 18. g5 hxg5 19. h6 g6 20. Bxg5 Kh7 21. Rhg1
Be7 22. Bxe7 Nxe7 23. Kb1 Nf5 24. Qf4 Qe7 25. Rg4 1-0

[Event "Game 2"]
[Site "http://www.queenalice.com/game.php?id=1118475"]
[Date "2012.11.3"]
[Round "-"]
[White "bobifixer"]
[Black "ricma"]
[Result "0-1"]
[WhiteElo "1999"]
[BlackElo "2179"]

1. Nf3 d5 2. c4 d4 3. d3 Nc6 4. g3 e5 5. Nbd2 a5 6. Bg2 Nf6 7. O-O Be7 8. Re1
O-O 9. a3 Nd7 10. Rb1 a4 11. b4 axb3 12. Rxb3 Nc5 13. Rb1 Na5 14. Nxe5 Bf6 15.
Nef3 Rb8 0-1

[Event "AUTO-MASTER-1556"]
[Site "http://www.queenalice.com/game.php?id=1119006"]
[Date "2012.11.5"]
[Round "2"]
[White "ricma"]
[Black "Guilherme_Ottoni"]
[Result "1-0"]
[WhiteElo "2167"]
[BlackElo "2182"]

1. e4 c5 2. Nf3 d6 3. d4 cxd4 4. Nxd4 Nf6 5. Nc3 a6 6. Bg5 e6 7. f4 Qb6 8. Qd2
Qxb2 9. Rb1 Qa3 10. Be2 Nbd7 11. O-O Qc5 12. Kh1 Be7 13. Bxf6 Bxf6 14. e5 dxe5
15. Nb3 Qc7 16. f5 exf5 17. Rxf5 Nc5 18. Nd5 Qd8 19. Nxf6+ gxf6 20. Qxd8+ Kxd8
21. Rxf6 Nxb3 22. cxb3 Ke7 23. Rbf1 Be6 24. Rh6 Rad8 25. Bf3 Bd5 26. h3 Bxf3 27.
Rxf3 Rd1+ 28. Kh2 Rd2 29. Rhf6 Rg8 30. Rxf7+ Ke6 31. R3f6+ Kd5 32. Rd7+ 1-0

[Event "AUTO-MASTER-1556"]
[Site "http://www.queenalice.com/game.php?id=1119007"]
[Date "2012.11.5"]
[Round "2"]
[White "Guilherme_Ottoni"]
[Black "ricma"]
[Result "1-0"]
[WhiteElo "2170"]
[BlackElo "2179"]

1. e4 e5 2. Nf3 Nc6 3. Bb5 a6 4. Ba4 Nf6 5. O-O Be7 6. Re1 b5 7. Bb3 O-O 8. h3
d6 9. c3 Na5 10. Bc2 c5 11. d4 Qc7 12. Nbd2 Bd7 13. Nf1 Rfc8 14. d5 b4 15. Ne3
bxc3 16. bxc3 Rcb8 17. c4 Rb7 18. Bd2 Rab8 19. Bc3 h6 20. Qd2 Bd8 21. Rab1 Nh5
22. Rxb7 Rxb7 23. Bd3 Nf4 24. Bf1 Rb8 25. Nf5 Bxf5 26. exf5 Nb7 27. Qd1 g6 28.
fxg6 fxg6 29. Nxe5 Bf6 30. Nxg6 Bxc3 31. Re7 Qd8 32. Qg4 Bf6 33. Nxf4+ 1-0

[Event "Jogo 1"]
[Site "http://www.queenalice.com/game.php?id=1130950"]
[Date "2012.12.16"]
[Round "-"]
[White "ricma"]
[Black "dnptrs"]
[Result "1/2-1/2"]
[WhiteElo "2168"]
[BlackElo "2114"]

1. e4 c5 2. Nf3 e6 3. d4 cxd4 4. Nxd4 Nf6 5. Nc3 Nc6 6. Ndb5 d6 7. Bf4 e5 8. Bg5
a6 9. Na3 b5 10. Nd5 Nd4 11. Bxf6 gxf6 12. c3 Ne6 13. Qf3 Be7 14. Nc2 Bb7 15.
Qd3 Nc5 16. Qe3 Bxd5 17. exd5 Qb6 18. b4 Na4 19. Qxb6 Nxb6 20. Ne3 Rc8 21. a4
bxa4 22. Bxa6 Rxc3 23. Bb5+ Kd8 24. Bxa4 Nxa4 25. Rxa4 Rc1+ 26. Nd1 Kd7 27. Ra7+
Rc7 28. Rxc7+ Kxc7 29. Nc3 Kb7 30. Kd2 f5 31. f3 Ra8 32. g3 Bg5+ 33. Kc2 Bf6 34.
Nb5 Be7 35. Kb3 h5 36. Rc1 Rc8 37. Nc3 Bg5 38. Rc2 1/2-1/2

[Event "Challenge 01"]
[Site "http://www.queenalice.com/game.php?id=1131890"]
[Date "2012.12.17"]
[Round "-"]
[White "ricma"]
[Black "artephius"]
[Result "0-1"]
[WhiteElo "2180"]
[BlackElo "2180"]

1. e4 c5 2. Nf3 Nc6 3. d4 cxd4 4. Nxd4 e5 5. Nb5 d6 6. N1c3 a6 7. Na3 b5 8. Nd5
Be6 9. c3 Rc8 10. Nc2 Bxd5 11. Qxd5 Nf6 12. Qd3 d5 13. exd5 Qxd5 14. Qf5 Rd8 15.
Be3 Bc5 16. Bxc5 Qd2# 0-1

[Event "Game 1"]
[Site "http://www.queenalice.com/game.php?id=1555662"]
[Date "2019.1.7"]
[Round "-"]
[White "ricma"]
[Black "igorjava"]
[Result "1-0"]
[WhiteElo "2172"]
[BlackElo "2006"]

1. e4 c5 2. Nf3 d6 3. d4 cxd4 4. Nxd4 Nf6 5. Nc3 e5 6. Nb3 Be7 7. f4 exf4 8.
Bxf4 a6 9. a4 Nc6 10. Be2 O-O 11. Qd2 Qc7 12. O-O-O Rd8 13. h3 Na5 14. Nxa5 Qxa5
15. Nd5 Qxd2+ 16. Rxd2 Nxd5 17. Rxd5 Be6 18. Rd4 f6 19. Rhd1 Kf7 20. Bxd6 Bxd6
21. Rxd6 Ke7 22. Rxd8 Rxd8 23. Rxd8 Kxd8 24. a5 Kc7 25. b4 Kc6 26. Kd2 f5 27.
exf5 Bxf5 28. Bd3 g6 29. Bxf5 gxf5 30. Kd3 Kd5 31. c4+ Ke5 32. g3 h5 33. h4 f4
34. gxf4+ Kxf4 35. b5 Kg4 36. bxa6 bxa6 37. Ke4 Kxh4 38. Kf4 Kh3 39. Kf3 Kh2 40.
c5 h4 41. c6 Kg1 42. Kg4 h3 43. Kxh3 1-0

[Event "Game  2"]
[Site "http://www.queenalice.com/game.php?id=1555663"]
[Date "2019.1.7"]
[Round "-"]
[White "igorjava"]
[Black "ricma"]
[Result "0-1"]
[WhiteElo "1969"]
[BlackElo "2166"]

1. e4 e5 2. f4 Bc5 3. Nf3 d6 4. c3 Bg4 5. Be2 Bxf3 6. Bxf3 a5 7. d4 exd4 8. cxd4
Bb6 9. Be3 Nc6 10. O-O Nge7 11. Nc3 O-O 12. Kh1 f5 13. Ne2 fxe4 14. Bxe4 d5 15.
Bc2 Nf5 16. Bxf5 Rxf5 17. Qd3 Rf7 18. a3 Qf6 19. b3 Re8 20. f5 Rfe7 21. Rf3 Re4
22. Rd1 Kh8 23. Rd2 Nxd4 24. Nxd4 Bxd4 25. Bxd4 Rxd4 26. Qxd4 Qxd4 27. Rxd4 Re1+
0-1

[Event "Challenge"]
[Site "http://www.queenalice.com/game.php?id=1558977"]
[Date "2019.1.31"]
[Round "-"]
[White "Magogue"]
[Black "ricma"]
[Result "0-1"]
[WhiteElo "1781"]
[BlackElo "2179"]

1. e4 e5 2. Nf3 Nc6 3. d4 exd4 4. Nxd4 Bc5 5. Be3 Qf6 6. c3 Nge7 7. Bb5 O-O 8.
O-O a6 9. Bxc6 Nxc6 10. Nxc6 Bxe3 11. Nd4 Bf4 12. Nd2 Qh6 13. N2f3 d6 14. Ne2
Bg4 15. Nxf4 Qxf4 16. Qxd6 cxd6 17. g3 Qxf3 18. h3 Bxh3 0-1

[Event "Challenge"]
[Site "http://www.queenalice.com/game.php?id=1558978"]
[Date "2019.1.31"]
[Round "-"]
[White "ricma"]
[Black "Magogue"]
[Result "1-0"]
[WhiteElo "2180"]
[BlackElo "1309"]

1. e4 e5 2. d3 Nf6 3. g3 d5 4. Nd2 d4 5. Bg2 Nc6 6. Ngf3 Be6 7. O-O Bd6 8. Re1
O-O 9. Ng5 h6 10. Nxe6 fxe6 11. Nc4 a6 12. Nxd6 cxd6 13. f4 exf4 14. Bxf4 e5 15.
Bd2 b5 16. c3 dxc3 17. Bxc3 1-0

[Event "Game 3"]
[Site "http://www.queenalice.com/game.php?id=1561482"]
[Date "2019.2.19"]
[Round "-"]
[White "ricma"]
[Black "igorjava"]
[Result "1-0"]
[WhiteElo "2181"]
[BlackElo "2079"]

1. d4 e6 2. c4 c5 3. e4 cxd4 4. Nf3 Nc6 5. Nxd4 a6 6. Be3 Bb4+ 7. Nd2 Nf6 8. f3
Nxd4 9. Bxd4 d6 10. Qa4+ Bd7 11. Qxb4 Rb8 12. Qxd6 Bc6 13. Qxd8+ Rxd8 14. Bxf6
gxf6 15. Rd1 Ke7 16. Be2 Rd7 17. O-O 1-0

[Event "Game 4"]
[Site "http://www.queenalice.com/game.php?id=1561483"]
[Date "2019.2.19"]
[Round "-"]
[White "igorjava"]
[Black "ricma"]
[Result "0-1"]
[WhiteElo "1993"]
[BlackElo "2190"]

1. e4 e5 2. f4 Bc5 3. Nf3 d6 4. Bc4 Nf6 5. d3 Nc6 6. c3 O-O 7. Qe2 Re8 8. f5
Bxf5 9. Be3 Bxe3 10. Qxe3 Be6 11. Nbd2 Bxc4 12. Nxc4 Qd7 13. h3 b5 14. Ncd2 a5
15. a3 Ne7 16. c4 c6 17. O-O Ng6 18. Kh2 Nf4 19. Nh4 N6h5 20. g4 Nf6 21. Rad1
Qxg4 22. Nf5 Qg2# 0-1

[Event "Game 6"]
[Site "http://www.queenalice.com/game.php?id=1564549"]
[Date "2019.3.19"]
[Round "-"]
[White "josebaron"]
[Black "ricma"]
[Result "0-1"]
[WhiteElo "2091"]
[BlackElo "2196"]

1. e4 e5 2. Bc4 Nf6 3. Nc3 Bc5 4. Nf3 O-O 5. d3 d6 6. h3 Qe7 7. O-O Be6 8. Bxe6
Qxe6 9. Be3 Bxe3 10. fxe3 c6 11. a4 d5 12. exd5 cxd5 13. e4 a6 14. exd5 Nxd5 15.
Ne4 Ne3 16. Nfg5 Qb6 17. Qh5 Nxf1+ 18. Kxf1 Qg6 19. Qxg6 fxg6+ 20. Nf3 Nc6 21.
Ke2 Nd4+ 22. Nxd4 exd4 23. b4 b6 24. c4 dxc3 25. Nxc3 Rae8+ 26. Ne4 Re5 27. Rc1
a5 28. b5 Rf6 29. Ke3 Rfe6 30. Kd4 h5 31. Rc6 Kf7 32. h4 Rxc6 33. bxc6 Re7 34.
Kd5 Ke8 35. Nd6+ Kd8 36. d4 Re2 37. Nb5 Rb2 38. Kc4 Rb4+ 39. Kd5 Rxa4 40. Kd6
Rc4 41. c7+ Kc8 42. Na7+ Kb7 43. c8=Q+ Rxc8 44. Nxc8 Kxc8 45. Kd5 Kd7 46. Kc4
Kd6 47. g3 g5 48. hxg5 g6 49. d5 Ke5 0-1

[Event "Game 7"]
[Site "http://www.queenalice.com/game.php?id=1568298"]
[Date "2019.4.20"]
[Round "-"]
[White "ricma"]
[Black "lfcanales"]
[Result "1/2-1/2"]
[WhiteElo "2189"]
[BlackElo "2016"]

1. d4 d5 2. Bf4 Nc6 3. Nf3 Bf5 4. c4 e6 5. Qb3 Bxb1 6. Qxb7 Na5 7. Qb5+ c6 8.
Qa6 Bf5 9. Bd2 Nxc4 10. Qxc6+ Ke7 11. Qb7+ Ke8 12. Qc6+ Ke7 13. Qb7+ 1/2-1/2